Vista normal
Vista MARC
- Química; Reacciones químicas; Estructura de la materia
Entrada Topical Term
Número de registros utilizados en: 2
001 - CONTROL NUMBER
- control field: 4205
003 - CONTROL NUMBER IDENTIFIER
- control field: MX-ChCB
005 - DATE AND TIME OF LATEST TRANSACTION
- control field: 20260123124654.0
008 - FIXED-LENGTH DATA ELEMENTS
- fixed length control field: 260123|| aca||aabn | a|a d
040 ## - CATALOGING SOURCE
- Original cataloging agency: MX-ChCB
- Transcribing agency: MX-ChCB
150 ## - HEADING--TOPICAL TERM
- Topical term or geographic name entry element: Química; Reacciones químicas; Estructura de la materia
- Form subdivision: Libro de texto
- General subdivision: Educación media superior
670 ## - SOURCE DATA FOUND
- Source citation: Work cat.: (MX-ChCB): Ramírez Regalado, Víctor Manuel 194, Temas Selectos de Química 2, 2024

